Los albores del ingreso de la mujer a la Universidad: Reflexiones en torno a la educación femenina en Chile durante el siglo XIX
Guardat en:
| Autor principal: | |
|---|---|
| Format: | Llibre |
| Publicat: |
Valparaíso, Chile
Ediciones Universitarias de Valparaíso
2020
|
| Matèries: | |
| Etiquetes: |
Afegir etiqueta
Sense etiquetes, Sigues el primer a etiquetar aquest registre!
|
MARC
| LEADER | 00000nam a22000007a 4500 | ||
|---|---|---|---|
| 003 | CL-VaPUC | ||
| 005 | 20240916134259.0 | ||
| 008 | 201217t2020 ||||| |||| 00| 0 eng d | ||
| 999 | |c 432365 |d 432363 | ||
| 020 | |a 978-956-17-0853-2 | ||
| 040 | |c Pontificia Universidad Católica de Valparaíso | ||
| 082 | 0 | 4 | |a 378.0082 MUE 2020 |
| 100 | 1 | |a Muena Zamorano, Priscila |e author |9 858957 | |
| 245 | 1 | 0 | |a Los albores del ingreso de la mujer a la Universidad: Reflexiones en torno a la educación femenina en Chile durante el siglo XIX |
| 260 | |a Valparaíso, Chile |b Ediciones Universitarias de Valparaíso |c 2020 | ||
| 300 | |a 136 páginas | ||
| 583 | |c 20201217 |k Valeria Valenzuela | ||
| 650 | 1 | |a Educación de la mujer |9 307884 |x Educación superior |y Siglo 19 |z Chile | |
| 650 | 1 | 0 | |a Historia de la educación |9 257642 |v Mujeres |y Siglo 19 |z Chile |
| 852 | |a BIBCUR | ||
| 942 | |2 ddc |c BK | ||
| 952 | |0 0 |1 0 |2 ddc |4 0 |6 378_008200000000000_MUE_2020 |7 0 |8 A |9 577299 |a BIBHIS |b BIBHIS |d 2020-12-28 |i 5619823 |l 4 |o 378.0082 MUE 2020 |p 5619823 |r 2025-01-20 |s 2021-04-28 |t 1 |w 2020-12-28 |y BK |k HIS | ||
| 952 | |0 0 |1 0 |2 ddc |4 0 |6 378_008200000000000_MUE_2020 |7 0 |8 A |9 577300 |a BIBEDU |b BIBEDU |d 2020-12-28 |i 5619831 |l 1 |o 378.0082 MUE 2020 |p 5619831 |r 2023-12-05 |s 2023-12-05 |t 2 |w 2020-12-28 |y BK |k LIT | ||
| 952 | |0 0 |1 0 |2 ddc |4 0 |6 378_008200000000000_MUE_2020 |7 0 |8 A |9 596811 |a BIBGIM |b BIBGIM |d 2024-09-16 |i 5662750 |o 378.0082 MUE 2020 |p 5662750 |r 2025-01-15 |t 3 |w 2024-09-16 |y BK |k ELE | ||